[Event "38th Reykjavik op"]
[Site "Reykjavik ISL"]
[Date "2025.04.10"]
[Round "3.145"]
[White "Harrison, Kirk"]
[Black "Albersmann, Rene"]
[WhiteElo "1679"]
[BlackElo "1859"]
[Result "0-1"]
[EventDate "2025.04.09"]
[PlyCount "120"]

1. d4 d5 2. c4 e6 3. Nf3 c6 4. Nc3 f5 5. g3 Nf6 6. cxd5 exd5 7. Bg2 Be7 8. O-O
O-O 9. Rb1 Nbd7 10. b4 Ne4 11. Qd3 Bf6 12. Bd2 Nb6 13. b5 Nc4 14. bxc6 bxc6 15.
Qc2 Na3 16. Qa4 Nxb1 17. Rxb1 Qd7 18. Nxe4 dxe4 19. Qc4+ Kh8 20. Bb4 exf3 21.
Bxf8 fxg2 22. Kxg2 Bb7 23. Bc5 Be7 24. Qf7 Ba6 25. Qxe7 Qd5+ 26. Kh3 f4 27.
gxf4 Qf5+ 28. Kg3 Qxb1 29. e4 Qg1+ 30. Kf3 Qxh2 31. f5 Qh5+ 32. Kf4 Be2 33. f6
gxf6 34. Qxf6+ Kg8 35. Qxc6 Qf3+ 36. Ke5 Qh5+ 37. Kf4 Qf7+ 38. Kg5 Re8 39. e5
Re6 40. Qa8+ Kg7 41. Qxa7 Rg6+ 42. Kh4 Rh6+ 43. Kg3 Qxa7 44. Bxa7 Ra6 45. Bc5
Rxa2 46. f4 Kg6 47. Be7 Kf5 48. d5 Rd2 49. d6 Bb5 50. Bg5 Rd3+ 51. Kh4 Rf3 52.
Kh5 Rh3+ 53. Bh4 Be8+ 54. Kh6 Rxh4+ 55. Kg7 Rxf4 56. Kxh7 Kxe5 57. d7 Bxd7 58.
Kg7 Ke6 59. Kg6 Rg4+ 60. Kh5 Kf6 0-1

[Event "38th Reykjavik op"]
[Site "Reykjavik ISL"]
[Date "2025.04.10"]
[Round "3.146"]
[White "Holcomb, David D"]
[Black "Magnusson, Gisli"]
[WhiteElo "1674"]
[BlackElo "1857"]
[Result "0-1"]
[EventDate "2025.04.09"]
[PlyCount "58"]

1. d4 d5 2. Nc3 Nf6 3. Bf4 c6 4. e3 Bf5 5. Nf3 e6 6. a3 Bd6 7. Ne5 O-O 8. f3 c5
9. g4 cxd4 10. exd4 Bg6 11. h4 h6 12. h5 Bh7 13. g5 hxg5 14. Bxg5 Bf5 15. Bd3
Nc6 16. Bxf5 exf5 17. f4 Be7 18. Qd3 Ne4 19. Bxe7 Nxe7 20. Rg1 Qd6 21. O-O-O
Qh6 22. Nxe4 fxe4 23. Qg3 Nf5 24. Qg5 Qxg5 25. fxg5 Rfe8 26. c3 Rac8 27. Kb1
Ne3 28. Rde1 Nc4 29. Ng4 Nd2+ 0-1

[Event "38th Reykjavik op"]
[Site "Reykjavik ISL"]
[Date "2025.04.10"]
[Round "3.147"]
[White "Skjoldebrand, Martin"]
[Black "Borne, Maxim"]
[WhiteElo "1856"]
[BlackElo "1569"]
[Result "1/2-1/2"]
[EventDate "2025.04.09"]
[PlyCount "57"]

1. d4 Nf6 2. Bg5 d5 3. Bxf6 gxf6 4. e3 Bf5 5. Bd3 Bg6 6. f4 Be4 7. Bxe4 dxe4 8.
Nd2 f5 9. Qh5 e6 10. Nh3 h6 11. O-O-O Nd7 12. Nc4 Nf6 13. Qe2 Nd5 14. Ne5 Qe7
15. Rhe1 O-O-O 16. Qh5 Rg8 17. c4 Nb4 18. a3 Nd3+ 19. Nxd3 exd3 20. g3 Qf6 21.
Rxd3 Bg7 22. Qe2 c5 23. Red1 cxd4 24. Rxd4 Qe7 25. Rxd8+ Rxd8 26. Rxd8+ Qxd8
27. Nf2 Qc7 28. Kb1 Qc6 29. Nd1 1/2-1/2

[Event "38th Reykjavik op"]
[Site "Reykjavik ISL"]
[Date "2025.04.10"]
[Round "3.148"]
[White "Bulva, Maksim"]
[Black "Jonsson, Olafur Gisli"]
[WhiteElo "1660"]
[BlackElo "1856"]
[Result "1/2-1/2"]
[EventDate "2025.04.09"]
[PlyCount "68"]

1. e4 c5 2. Nc3 Nc6 3. Bb5 Nd4 4. Nf3 Nxb5 5. Nxb5 a6 6. Nc3 d6 7. d4 Bg4 8.
dxc5 dxc5 9. Qxd8+ Rxd8 10. Ne5 Nf6 11. f3 Bc8 12. Be3 e6 13. O-O Nd7 14. Nxd7
Bxd7 15. Rfd1 Bc6 16. Rxd8+ Kxd8 17. Rd1+ Kc8 18. Ne2 Be7 19. b3 Rd8 20. Rxd8+
Kxd8 21. c4 b5 22. Nc1 bxc4 23. bxc4 Kc7 24. Nd3 Kb6 25. Kf2 Ba4 26. Ke2 Bc2
27. Bd2 Bb1 28. a3 Bf6 29. Bc1 Bd4 30. f4 Ba2 31. Nb2 Bxb2 32. Bxb2 Bxc4+ 33.
Kd2 g6 34. g3 Kb5 1/2-1/2

[Event "38th Reykjavik op"]
[Site "Reykjavik ISL"]
[Date "2025.04.10"]
[Round "3.149"]
[White "Rajkumar, Daniel"]
[Black "Tomasdottir, Katrin Osk"]
[WhiteElo "1855"]
[BlackElo "1485"]
[Result "1-0"]
[EventDate "2025.04.09"]
[PlyCount "135"]

1. d4 d5 2. Nf3 Nf6 3. Bf4 c6 4. c3 Bg4 5. Nbd2 e6 6. e3 Bd6 7. Bxd6 Qxd6 8. h3
Bh5 9. Be2 h6 10. Ne5 Bxe2 11. Qxe2 O-O 12. O-O Nbd7 13. f4 Qc7 14. Rf3 Nh5 15.
Rf2 Ng3 16. Qf3 Nf5 17. Nxd7 Qxd7 18. Nf1 Qe7 19. Ng3 Nxg3 20. Qxg3 Qf6 21. Rf3
Qg6 22. Qf2 Rac8 23. Kh2 f5 24. Rg1 Kh7 25. Qg3 Qxg3+ 26. Kxg3 Rf6 27. Rf2 c5
28. Rd1 cxd4 29. exd4 g5 30. fxg5 Rg6 31. Kf3 hxg5 32. Re2 Re8 33. Rde1 Rh6 34.
Re5 g4+ 35. hxg4 fxg4+ 36. Kg3 Rf8 37. Rxe6 Rh5 38. Re7+ Kh8 39. Re8 Rg8 40.
Rxg8+ Kxg8 41. Re7 b6 42. Rxa7 Rg5 43. Rb7 Rg6 44. Rd7 Rg5 45. Rd6 Kf7 46. Rxb6
Ke7 47. a4 Rg8 48. Rb5 Kd6 49. b4 Ra8 50. a5 Kc6 51. Rc5+ Kd6 52. Kxg4 Rg8+ 53.
Kf3 Rf8+ 54. Ke3 Re8+ 55. Kd3 Rg8 56. a6 Rg3+ 57. Kc2 Rxg2+ 58. Kb3 Rg8 59. b5
Rb8 60. Kb4 Kd7 61. a7 Ra8 62. b6 Kd6 63. b7 Kd7 64. bxa8=Q Ke7 65. Qb7+ Ke6
66. Qxd5+ Ke7 67. Rc7+ Ke8 68. a8=R# 1-0

[Event "38th Reykjavik op"]
[Site "Reykjavik ISL"]
[Date "2025.04.10"]
[Round "3.150"]
[White "Alguno Openia, Tristan Nash"]
[Black "Belic, Nebojsa"]
[WhiteElo "1624"]
[BlackElo "1850"]
[Result "0-1"]
[EventDate "2025.04.09"]
[PlyCount "128"]

1. d4 c5 2. d5 d6 3. c4 Nf6 4. Nc3 e5 5. e4 Be7 6. Be2 a6 7. h3 O-O 8. Nf3 Ne8
9. O-O f5 10. exf5 Bxf5 11. Bd3 Qd7 12. Ng5 Bxg5 13. Bxg5 Bxh3 14. Bxh7+ Kxh7
15. Qh5+ Kg8 16. Qxh3 Qxh3 17. gxh3 Nd7 18. Ne4 Ndf6 19. Bxf6 gxf6 20. Kh2 Kf7
21. f4 Ke7 22. fxe5 fxe5 23. Rxf8 Kxf8 24. Rg1 b5 25. b3 bxc4 26. bxc4 Rb8 27.
Rg2 a5 28. Kg3 Rb4 29. Rc2 Ke7 30. Kg4 Nf6+ 31. Nxf6 Kxf6 32. Rc3 a4 33. Rc2
Rb1 34. Rc3 Rd1 35. Kf3 Rd4 36. Kg3 Kg5 37. a3 Rh4 38. Rc2 Rd4 39. Rc3 Rd2 40.
h4+ Kg6 41. Kg4 Rd4+ 42. Kg3 Kh5 43. Kf3 Kxh4 44. Kf2 Kg4 45. Rg3+ Kf4 46. Rf3+
Ke4 47. Re3+ Kf5 48. Rf3+ Rf4 49. Ke2 Rxf3 50. Kxf3 e4+ 51. Ke2 Kf4 52. Kf2 e3+
53. Ke2 Ke4 54. Ke1 Kd3 55. Kf1 Kxc4 56. Ke2 Kd4 57. Kd1 Kxd5 58. Ke2 Ke4 59.
Ke1 d5 60. Ke2 d4 61. Ke1 Kd3 62. Kd1 e2+ 63. Ke1 c4 64. Kf2 Kd2 0-1

[Event "38th Reykjavik op"]
[Site "Reykjavik ISL"]
[Date "2025.04.10"]
[Round "3.151"]
[White "Arnalds, Stefan"]
[Black "Erlendsson Weinert, Robin Peter"]
[WhiteElo "1850"]
[BlackElo "1405"]
[Result "0-1"]
[EventDate "2025.04.09"]
[PlyCount "40"]

1. d4 Nf6 2. c4 g6 3. Nc3 d5 4. cxd5 Nxd5 5. e4 Nxc3 6. bxc3 c5 7. Bc4 Bg7 8.
Ne2 Nc6 9. Be3 cxd4 10. cxd4 O-O 11. O-O a6 12. Rc1 b5 13. Bd5 Bb7 14. Bxc6
Bxc6 15. Rxc6 Qd7 16. Qc2 a5 17. d5 b4 18. Rc1 Rfd8 19. Qc5 e6 20. dxe6 Qd1+
0-1

[Event "38th Reykjavik op"]
[Site "Reykjavik ISL"]
[Date "2025.04.10"]
[Round "3.162"]
[White "Dale, Svein"]
[Black "Maciol, Ryszard"]
[WhiteElo "1821"]
[BlackElo "2135"]
[Result "0-1"]
[EventDate "2025.04.09"]
[PlyCount "62"]

1. e4 e6 2. d4 d5 3. Nd2 Be7 4. Bd3 c5 5. c3 cxd4 6. cxd4 Nc6 7. Ne2 dxe4 8.
Nxe4 Nf6 9. O-O O-O 10. Be3 Nb4 11. Bb1 g6 12. a3 Nbd5 13. Bh6 Re8 14. h3 Bd7
15. N2c3 Qb6 16. b4 a5 17. Nxd5 exd5 18. Nxf6+ Bxf6 19. bxa5 Qxd4 20. Ra2 Rxa5
21. Bd2 Ra6 22. Bb4 Be6 23. Rd2 Qf4 24. Re1 Rd8 25. Ba2 Qg5 26. Qf3 h5 27. Red1
Be7 28. Bxd5 Bxb4 29. Bxe6 Bxd2 30. Qxf7+ Kh8 31. Rxd2 Qxd2 0-1

[Event "38th Reykjavik op"]
[Site "Reykjavik ISL"]
[Date "2025.04.10"]
[Round "3.163"]
[White "Gudmundsson, Steinn"]
[Black "Bartelt, Max Peter"]
[WhiteElo "1816"]
[BlackElo "2104"]
[Result "0-1"]
[EventDate "2025.04.09"]
[PlyCount "57"]

1. e4 e6 2. d3 d5 3. Nd2 Nf6 4. Ngf3 c5 5. g3 Nc6 6. Bg2 dxe4 7. dxe4 e5 8. O-O
h6 9. c3 Be6 10. h3 Be7 11. Qe2 Qc7 12. Ne1 g5 13. Nc4 Rd8 14. a4 Na5 15. Nxa5
Qxa5 16. f4 gxf4 17. gxf4 exf4 18. Bxf4 Rg8 19. Kh1 c4 20. e5 Nd5 21. Bh2 Bg5
22. Nc2 Nxc3 23. bxc3 Rd2 24. Qh5 Rxc2 25. Be4 Rxh2+ 26. Kxh2 Qxe5+ 27. Kh1
Qxe4+ 28. Qf3 Qxf3+ 29. Rxf3 0-1

[Event "38th Reykjavik op"]
[Site "Reykjavik ISL"]
[Date "2025.04.10"]
[Round "3.164"]
[White "Agustsson, Egill Steinar"]
[Black "Liu, Meng"]
[WhiteElo "1811"]
[BlackElo "2079"]
[Result "1/2-1/2"]
[EventDate "2025.04.09"]
[PlyCount "83"]

1. d4 Nf6 2. Nf3 e6 3. g3 c5 4. c3 b6 5. Bg2 Bb7 6. O-O Be7 7. Re1 O-O 8. Nbd2
d5 9. Ne5 Nbd7 10. Ndf3 Rc8 11. h3 a6 12. a3 b5 13. Nxd7 Nxd7 14. dxc5 Bxc5 15.
Nd4 Qb6 16. Be3 Rfd8 17. Nc2 h6 18. Bxc5 Nxc5 19. e3 Nb3 20. Rb1 Na5 21. Qg4
Nc4 22. Red1 a5 23. Nd4 b4 24. cxb4 axb4 25. axb4 Qxb4 26. b3 Nd6 27. f4 Rc3
28. Qe2 Rdc8 29. Qd2 Ba6 30. Rbc1 Rxc1 31. Qxb4 Rxd1+ 32. Kh2 Nf5 33. Nxf5 exf5
34. g4 Rc2 35. Qb8+ Kh7 36. Qa7 Bf1 37. Qxf7 Rxg2+ 38. Kh1 Rgd2 39. Qxf5+ Kg8
40. Qe6+ Kf8 41. Qc8+ Ke7 42. Qc7+ 1/2-1/2

[Event "38th Reykjavik op"]
[Site "Reykjavik ISL"]
[Date "2025.04.10"]
[Round "3.165"]
[White "Eiriksson, Sigurdur"]
[Black "Kingsley, Elias"]
[WhiteElo "1810"]
[BlackElo "2033"]
[Result "0-1"]
[EventDate "2025.04.09"]
[PlyCount "82"]

1. e4 c5 2. Nf3 e6 3. d4 cxd4 4. Nxd4 Nf6 5. Nc3 Nc6 6. Be3 Bb4 7. Bd3 d5 8.
Nxc6 bxc6 9. exd5 cxd5 10. Bd2 O-O 11. a3 Be7 12. Bf4 Qb6 13. Rb1 Bb7 14. O-O
Rac8 15. Re1 Rfd8 16. Qe2 Qc6 17. f3 d4 18. Ne4 Nd5 19. Bd2 Nb6 20. Bf4 Qd5 21.
Nd2 Qa5 22. Nb3 Qh5 23. Qe5 Qxe5 24. Bxe5 Bf6 25. Nd2 Nd7 26. Bg3 Nc5 27. Ne4
Nxe4 28. fxe4 e5 29. Rf1 Rc6 30. Rf2 Rb6 31. b3 Ba6 32. Rf5 Re8 33. Rff1 Rc8
34. Rfc1 g6 35. b4 Bg5 36. Rd1 Bxd3 37. cxd3 f6 38. Kf1 Rc2 39. a4 Be3 40. Be1
f5 41. a5 Rf6 0-1

[Event "38th Reykjavik op"]
[Site "Reykjavik ISL"]
[Date "2025.04.10"]
[Round "3.166"]
[White "Hauksson, Helgi"]
[Black "Tripathi, Pratyush"]
[WhiteElo "1804"]
[BlackElo "2011"]
[Result "0-1"]
[EventDate "2025.04.09"]
[PlyCount "66"]

1. d4 d5 2. c4 e6 3. Nf3 a6 4. Qc2 dxc4 5. Qxc4 b5 6. Qc2 Bb7 7. g3 Nc6 8. Be3
Nb4 9. Qd1 Be4 10. Na3 Nd5 11. Bd2 c5 12. dxc5 Bxc5 13. Bg2 Ngf6 14. O-O O-O
15. Rc1 Qb6 16. Nc2 Rfd8 17. Qe1 b4 18. e3 Bd3 19. Ne5 Bxf1 20. Bxf1 a5 21. Nd4
Bxd4 22. exd4 Rac8 23. Nc4 Qa7 24. Qe5 Ne7 25. Bg5 Ng6 26. Qxa5 Qxa5 27. Nxa5
Rxc1 28. Bxc1 Ra8 29. Nc6 Rc8 30. Bg2 Nd5 31. Bxd5 exd5 32. Nxb4 Rxc1+ 33. Kg2
Ne7 0-1

[Event "38th Reykjavik op"]
[Site "Reykjavik ISL"]
[Date "2025.04.10"]
[Round "3.167"]
[White "Elier, Ali"]
[Black "Mlynek, Maksymilian"]
[WhiteElo "2125"]
[BlackElo "1798"]
[Result "1-0"]
[EventDate "2025.04.09"]
[PlyCount "78"]

1. e4 c6 2. d4 d5 3. f3 e6 4. Bd3 Nf6 5. e5 Nfd7 6. f4 c5 7. c3 cxd4 8. cxd4
Nc6 9. Nf3 Qb6 10. Be2 g6 11. O-O Bg7 12. Nc3 a6 13. Kh1 h5 14. b3 Ne7 15. Be3
Nf5 16. Bf2 h4 17. h3 Nb8 18. Bd3 Ng3+ 19. Bxg3 hxg3 20. Ne2 Bd7 21. Nxg3 Bb5
22. Rc1 Nc6 23. Rf2 Bxd3 24. Qxd3 Bh6 25. Ne2 Nb4 26. Qd2 a5 27. Nc3 Qa6 28.
Ne1 Qb6 29. a4 Nc6 30. Nb5 Bf8 31. Qe3 O-O-O 32. Nd3 Kb8 33. Nc5 Be7 34. Qc3
Rh4 35. Kh2 Rh5 36. Rfc2 g5 37. Nxb7 Qxb7 38. Qxc6 Rd7 39. Qxb7+ Rxb7 1-0

[Event "38th Reykjavik op"]
[Site "Reykjavik ISL"]
[Date "2025.04.10"]
[Round "3.168"]
[White "Gilbert, Alistair"]
[Black "Skettos, Nicolas"]
[WhiteElo "1797"]
[BlackElo "1983"]
[Result "1/2-1/2"]
[EventDate "2025.04.09"]
[PlyCount "52"]

1. Nf3 Nf6 2. g3 b5 3. c3 e6 4. a4 b4 5. Bg2 d5 6. d4 Nbd7 7. O-O Bd6 8. cxb4
Bxb4 9. Bd2 Qe7 10. Nc3 c5 11. Nb5 O-O 12. dxc5 Bxc5 13. Nfd4 Bb7 14. Nb3 Bb6
15. a5 Bd8 16. Qe1 Ne5 17. Bb4 Qd7 18. N5d4 Be7 19. a6 Bxb4 20. Qxb4 Bc6 21.
Nc5 Qd6 22. Rfc1 Rab8 23. Qa3 Ba8 24. b3 Rfc8 25. Qa5 Nc4 26. Nb7 Nxa5 1/2-1/2

[Event "38th Reykjavik op"]
[Site "Reykjavik ISL"]
[Date "2025.04.10"]
[Round "3.169"]
[White "De La Torre, Igor"]
[Black "Hald, Morten Hansen"]
[WhiteElo "2048"]
[BlackElo "1797"]
[Result "1-0"]
[EventDate "2025.04.09"]
[PlyCount "115"]

1. b3 d5 2. Bb2 Nf6 3. e3 Bf5 4. Nf3 Nc6 5. Bb5 a6 6. Bxc6+ bxc6 7. O-O Bg4 8.
d3 e6 9. Nbd2 Be7 10. c4 dxc4 11. Nxc4 Bxf3 12. Qxf3 Qd5 13. e4 Qh5 14. Qg3 Rc8
15. Be5 Bd8 16. Na5 Ng4 17. Nxc6 Bh4 18. Qf3 Bf6 19. h3 Bxe5 20. Nxe5 Qxe5 21.
Qxg4 O-O 22. Qe2 f5 23. Rac1 f4 24. f3 Rf6 25. Qf2 Rh6 26. Rc5 Qf6 27. Rfc1 Rd8
28. e5 Qg6 29. Kh1 Qxd3 30. Rxc7 Rg6 31. Rc8 h6 32. Qc2 Kh7 33. Rxd8 Qxd8 34.
Rd1 Qa5 35. Qe2 Rg5 36. Re1 h5 37. Qe4+ Kh6 38. Re2 Qb5 39. b4 Qa4 40. Kh2 Qd1
41. Rc2 h4 42. a4 Qb1 43. Re2 Qd1 44. b5 axb5 45. axb5 Rf5 46. b6 Qb3 47. Qc6
Rf7 48. Rd2 g6 49. Qe8 Qe3 50. Qxf7 Qxd2 51. Qxe6 Qf2 52. Qg4 g5 53. b7 Qb6 54.
Qd7 Qf2 55. Qg4 Qb6 56. Qd7 Qf2 57. Qd1 Qa7 58. Qd6+ 1-0

[Event "38th Reykjavik op"]
[Site "Reykjavik ISL"]
[Date "2025.04.10"]
[Round "3.170"]
[White "Pisan, Kai"]
[Black "Vedant, Nayudu"]
[WhiteElo "2020"]
[BlackElo "1789"]
[Result "1/2-1/2"]
[EventDate "2025.04.09"]
[PlyCount "95"]

1. e4 c6 2. d4 d5 3. e5 c5 4. c3 cxd4 5. cxd4 Nc6 6. Nc3 Bf5 7. f4 e6 8. Be3
Bb4 9. Nf3 Nge7 10. a3 Ba5 11. b4 Bb6 12. Be2 Rc8 13. Nb5 O-O 14. Nd6 Rb8 15.
O-O Bc7 16. Nb5 a6 17. Nxc7 Qxc7 18. Rc1 Qb6 19. Qd2 Bg4 20. Rc5 Nf5 21. Bf2 f6
22. Rfc1 Nfe7 23. h3 Bxf3 24. Bxf3 fxe5 25. fxe5 Rf7 26. Qd3 Rbf8 27. Rb1 Ng6
28. Qc2 Qd8 29. Rc3 Nf4 30. Kh2 Qg5 31. Be3 Qh4 32. Qf2 Qxf2 33. Bxf2 Ne2 34.
Rd3 Nf4 35. Rdb3 b5 36. Rc1 Ne7 37. Rc2 Nfg6 38. Rc7 Ra8 39. Rbc3 Nf5 40. Rc8+
Rf8 41. Rxa8 Rxa8 42. g4 Nfe7 43. Be3 Rc8 44. Bd2 Rxc3 45. Bxc3 Nc8 46. a4 Nb6
47. axb5 axb5 48. Kg3 1/2-1/2

[Event "38th Reykjavik op"]
[Site "Reykjavik ISL"]
[Date "2025.04.10"]
[Round "3.171"]
[White "Wiesebach, Wolfgang"]
[Black "Kunin, Vitaly"]
[WhiteElo "1971"]
[BlackElo "2522"]
[Result "0-1"]
[EventDate "2025.04.09"]
[PlyCount "60"]

1. d4 Nf6 2. Bf4 d5 3. e3 c5 4. c3 e6 5. Nf3 Nc6 6. Bd3 Be7 7. Nbd2 Nh5 8. Bg3
h6 9. Qe2 Qb6 10. Rb1 Nxg3 11. hxg3 cxd4 12. exd4 Bd7 13. a3 Qc7 14. Ne5 Nxe5
15. dxe5 O-O-O 16. f4 g5 17. Nf3 Rdg8 18. Nd4 gxf4 19. gxf4 Rg3 20. Kd2 Rhg8
21. Rh2 Bc5 22. b4 Bb6 23. Rf1 Kb8 24. Rf3 Bxd4 25. cxd4 Rc8 26. Rh1 Qc3+ 27.
Ke3 Rxf3+ 28. Kxf3 Qxd4 29. Qe3 Qb2 30. Rxh6 Qxa3 0-1

[Event "38th Reykjavik op"]
[Site "Reykjavik ISL"]
[Date "2025.04.10"]
[Round "3.172"]
[White "Johannsson, Markus Orri"]
[Black "Ruiz Buendia, Miguel"]
[WhiteElo "1969"]
[BlackElo "2353"]
[Result "0-1"]
[EventDate "2025.04.09"]
[PlyCount "172"]

1. e4 e5 2. Nf3 Nc6 3. Bc4 Nf6 4. Ng5 d5 5. exd5 Na5 6. d3 h6 7. Nf3 e4 8. Nd4
Nxc4 9. dxc4 Bg4 10. f3 exf3 11. gxf3 Bh3 12. Bf4 Nh5 13. Bg3 Bc5 14. c3 O-O
15. Nd2 Qg5 16. Ne4 Qe3+ 17. Qe2 Bxd4 18. cxd4 Qxd4 19. Bxc7 b5 20. Rd1 Qxc4
21. Qxc4 bxc4 22. Kf2 Bd7 23. Nc5 Nf6 24. d6 Rfe8 25. Rhe1 Kf8 26. Rxe8+ Rxe8
27. Nxd7+ Nxd7 28. Rd4 f5 29. Rxc4 Kf7 30. Ra4 Re5 31. Rxa7 Rc5 32. Ba5 Rc2+
33. Kg3 Ke6 34. Bc3 g5 35. Bg7 h5 36. Rc7 f4+ 37. Kh3 g4+ 38. fxg4 hxg4+ 39.
Kxg4 Rg2+ 40. Kxf4 Rxg7 41. Rc2 Kxd6 42. b3 Rf7+ 43. Ke3 Nb6 44. Kd2 Rf1 45.
Kc3 Nd5+ 46. Kb2 Ne3 47. Rd2+ Kc5 48. a3 Re1 49. b4+ Kc4 50. b5 Nd1+ 51. Kc2
Ne3+ 52. Kb2 Kxb5 53. Kc3 Kc5 54. Kd3 Nc4 55. Re2 Ra1 56. Ke4 Rxa3 57. Kf4 Kd6
58. Kf5 Ne3+ 59. Kf4 Nd5+ 60. Kg5 Nc7 61. h4 Ne6+ 62. Kh6 Rg3 63. h5 Nd4 64.
Ra2 Ke7 65. Kh7 Kf6 66. h6 Rb3 67. Ra8 Ne6 68. Kh8 Kg6 69. h7 Rb7 70. Re8 Rxh7+
71. Kg8 Ng5 72. Re6+ Kf5 73. Ra6 Rb7 74. Ra5+ Kf6 75. Ra6+ Ne6 76. Ra8 Rg7+ 77.
Kh8 Re7 78. Rc8 Kg6 79. Ra8 Nc7 80. Rg8+ Kh6 81. Rg7 Re8+ 82. Rg8 Re5 83. Rg7
Ne6 84. Re7 Kg6 85. Kg8 Re1 86. Rf7 Ra1 0-1

[Event "38th Reykjavik op"]
[Site "Reykjavik ISL"]
[Date "2025.04.10"]
[Round "3.173"]
[White "Birkisson, Bardur Oern"]
[Black "Zhang, Ruijia"]
[WhiteElo "2342"]
[BlackElo "1973"]
[Result "0-1"]
[EventDate "2025.04.09"]
[PlyCount "132"]

1. e4 e6 2. d4 d5 3. Nd2 c5 4. Ngf3 cxd4 5. exd5 Qxd5 6. Bc4 Qd6 7. O-O Nf6 8.
Nb3 Be7 9. Nbxd4 a6 10. Qe2 b5 11. Bd3 O-O 12. Rd1 Qc7 13. a4 b4 14. Bg5 Bb7
15. Ne5 Nbd7 16. Nxd7 Qxd7 17. Nb3 Qc6 18. f3 h6 19. Bh4 a5 20. Bb5 Qc8 21. Bf2
Bd5 22. Kh1 Qc7 23. Bg3 Qb7 24. Nd2 Rfc8 25. Nc4 Nh5 26. Be5 f6 27. Nd6 Bxd6
28. Bxd6 Qb6 29. Rxd5 exd5 30. Qe6+ Kh8 31. Qxd5 g6 32. c4 bxc3 33. bxc3 Rd8
34. Rd1 Rac8 35. c4 Ng7 36. Rd3 Qf2 37. h3 Nf5 38. Qe6 Qf1+ 39. Kh2 Qxd3 40.
Qxf6+ Kh7 41. Qf7+ Ng7 42. Be5 Rg8 43. Qb7 Qf5 44. f4 Rcd8 45. c5 Qe6 46. c6
Rd2 47. c7 Rc2 48. Bd3 Qc6 49. c8=Q Qxc8 50. Qf7 Rc6 51. f5 Qf8 52. fxg6+ Kh8
53. Qd7 Qc5 54. Qf5 Rf8 55. Qh5 Qe3 56. Be4 Rc5 57. Bd5 Rxd5 58. Bxg7+ Kxg7 59.
Qxd5 Qf4+ 60. Kh1 Qf5 61. Qd4+ Kxg6 62. Qd6+ Kh7 63. Qc7+ Rf7 64. Qc6 Qf1+ 65.
Kh2 Qf4+ 66. Kh1 Rc7 0-1

[Event "38th Reykjavik op"]
[Site "Reykjavik ISL"]
[Date "2025.04.10"]
[Round "3.174"]
[White "Stepniewski, Artur"]
[Black "Isleifsson, Runar"]
[WhiteElo "1667"]
[BlackElo "1879"]
[Result "0-1"]
[EventDate "2025.04.09"]
[PlyCount "29"]

1. e4 e5 2. d4 exd4 3. c3 dxc3 4. Bc4 d6 5. Qb3 Qf6 6. Nxc3 c6 7. Nf3 h6 8. O-O
Nd7 9. Re1 Ne5 10. Nxe5 dxe5 11. Bd2 Bc5 12. Kh1 Ne7 13. Nd1 O-O 14. Ne3 b5 15.
Ng4 0-1

[Event "38th Reykjavik op"]
[Site "Reykjavik ISL"]
[Date "2025.04.10"]
[Round "3.176"]
[White "Bloem, Milan"]
[Black "B. Berglindardottir, Emilia Embla"]
[WhiteElo "1773"]
[BlackElo "1606"]
[Result "1-0"]
[EventDate "2025.04.09"]
[PlyCount "49"]

1. d4 d6 2. c4 Nf6 3. Nc3 g6 4. e4 Bg7 5. f4 O-O 6. Nf3 Nbd7 7. e5 dxe5 8. fxe5
Ne8 9. c5 c6 10. Bc4 Nc7 11. O-O b6 12. Ng5 e6 13. Nge4 bxc5 14. Bg5 f6 15.
exf6 Nxf6 16. Nxc5 h6 17. Bf4 Nfd5 18. Bxc7 Rxf1+ 19. Bxf1 Nxc7 20. Nb3 Nd5 21.
Qg4 g5 22. Qe4 Qf6 23. Bd3 Bd7 24. Qh7+ Kf7 25. Nxd5 1-0

[Event "38th Reykjavik op"]
[Site "Reykjavik ISL"]
[Date "2025.04.10"]
[Round "3.177"]
[White "Sverrisson, Dagur"]
[Black "Opasiak, Dustin Tennessee"]
[WhiteElo "1444"]
[BlackElo "1761"]
[Result "0-1"]
[EventDate "2025.04.09"]
[PlyCount "62"]

1. e4 e6 2. d4 d5 3. exd5 exd5 4. c4 Nc6 5. Nc3 dxc4 6. d5 Ne5 7. Qe2 Qe7 8. d6
Nd3+ 9. Kd2 Qxe2+ 10. Bxe2 Nxf2 11. Nd5 Bxd6 12. Bxc4 Nxh1 13. Ke2 Be6 14. Nf3
c6 15. Ne3 Bxc4+ 16. Nxc4 Ng3+ 17. hxg3 Bxg3 18. Nd4 Ne7 19. Be3 O-O 20. Rf1
Nd5 21. Nf5 Nxe3 22. Kxe3 Rae8+ 23. Kf3 Bc7 24. Rd1 Rd8 25. Ne7+ Kh8 26. Rh1 g6
27. Ne3 Rfe8 28. Ng4 Rxe7 29. Nf6 Rd3+ 30. Kf2 Bg3+ 31. Kf1 Re1# 0-1

[Event "38th Reykjavik op"]
[Site "Reykjavik ISL"]
[Date "2025.04.10"]
[Round "3.178"]
[White "Kaalinnguaq Thorleifsen, Thomas"]
[Black "Jacobs, Simon"]
[WhiteElo "1552"]
[BlackElo "1754"]
[Result "1-0"]
[EventDate "2025.04.09"]
[PlyCount "91"]

1. e4 c6 2. Nf3 d5 3. Nc3 dxe4 4. Nxe4 Nf6 5. Qe2 Nxe4 6. Qxe4 Nd7 7. Bc4 Nf6
8. Qe2 Bf5 9. d3 e6 10. h3 Bd6 11. Bg5 h6 12. Bh4 g5 13. Bg3 Bxg3 14. fxg3 Nd5
15. O-O-O Qd6 16. Qf2 Nb6 17. g4 Bg6 18. Kb1 O-O-O 19. Bb3 Rhe8 20. Rhe1 Re7
21. Ne5 Rg8 22. Re2 Kb8 23. Rde1 Nd7 24. Nc4 Qc7 25. Qd4 Ree8 26. Qc3 Nc5 27.
Re5 Nxb3 28. Qxb3 Re7 29. Qb4 Rd8 30. Na5 Rd5 31. Nxc6+ Qxc6 32. Qxe7 Rxe5 33.
Rxe5 a6 34. Qd8+ Ka7 35. Qd4+ Kb8 36. Qf2 Qa4 37. Re1 Qc6 38. a3 Qd5 39. g3 f5
40. gxf5 exf5 41. Qe3 Bf7 42. Qe5+ Qxe5 43. Rxe5 f4 44. gxf4 gxf4 45. Rf5 Be6
46. Rxf4 1-0

[Event "38th Reykjavik op"]
[Site "Reykjavik ISL"]
[Date "2025.04.10"]
[Round "3.183"]
[White "Le Pen, Michel"]
[Black "Proudfoot, Andy"]
[WhiteElo "1668"]
[BlackElo "1568"]
[Result "1-0"]
[EventDate "2025.04.09"]
[PlyCount "49"]

1. g3 Nf6 2. Bg2 d6 3. e4 Nbd7 4. d4 e5 5. Ne2 Be7 6. O-O c6 7. b3 Qc7 8. Bb2
h5 9. h3 g5 10. Nd2 h4 11. g4 Nxg4 12. hxg4 h3 13. Bf3 Nf6 14. Ng3 Rh4 15. Nf5
Bxf5 16. exf5 e4 17. Nxe4 Nxe4 18. Bxe4 d5 19. Bf3 O-O-O 20. Qe2 Qf4 21. Qe3
Rxg4+ 22. Bxg4 Qxg4+ 23. Qg3 Qxf5 24. f3 Bd6 25. Qg4 1-0

[Event "38th Reykjavik op"]
[Site "Reykjavik ISL"]
[Date "2025.04.10"]
[Round "3.185"]
[White "Frey, Charles F"]
[Black "Schouten, Ken Ronny"]
[WhiteElo "1871"]
[BlackElo "1550"]
[Result "1/2-1/2"]
[EventDate "2025.04.09"]
[PlyCount "99"]

1. e4 c6 2. d4 d5 3. e5 c5 4. dxc5 Nc6 5. Nf3 Bg4 6. Bf4 e6 7. Be2 Bxc5 8. O-O
Nge7 9. Bb5 O-O 10. Bxc6 bxc6 11. c3 Ng6 12. Bg3 Bb6 13. Nbd2 Bc7 14. Re1 Qb8
15. Qb3 c5 16. h3 Bf5 17. Qxb8 Rfxb8 18. b3 a5 19. Nh4 Nxh4 20. Bxh4 a4 21. f4
axb3 22. axb3 Bc2 23. Bf2 Ba5 24. Rac1 Bxb3 25. Bxc5 Rb5 26. Nxb3 Rxb3 27. Ra1
Rb5 28. Bd4 Rc8 29. Ra3 Bb6 30. Re2 g6 31. Kf2 Bxd4+ 32. cxd4 Rb4 33. Ke3 Kg7
34. Rd2 Rc7 35. Kf3 Rbc4 36. Rad3 h5 37. g4 hxg4+ 38. hxg4 Rc3 39. f5 Rxd3+ 40.
Rxd3 gxf5 41. gxf5 Rc4 42. f6+ Kg6 43. Kf4 Rc7 44. Rg3+ Kh5 45. Rg7 Ra7 46. Rg8
Ra4 47. Ke3 Rc4 48. Rg7 Rc7 49. Kf4 Ra7 50. Rh7+ 1/2-1/2

[Event "38th Reykjavik op"]
[Site "Reykjavik ISL"]
[Date "2025.04.10"]
[Round "3.186"]
[White "Grenier, Jean-Luc"]
[Black "Olszewski, Milosz Ulfur"]
[WhiteElo "1798"]
[BlackElo "1497"]
[Result "1-0"]
[EventDate "2025.04.09"]
[PlyCount "63"]

1. e4 c5 2. Nf3 Nc6 3. d4 cxd4 4. Nxd4 g6 5. c4 Bg7 6. Be3 Nf6 7. Nc3 d6 8. Be2
O-O 9. O-O Nxd4 10. Bxd4 b6 11. Qc2 Bb7 12. Bf3 Nd7 13. Bxg7 Kxg7 14. Rad1 Ne5
15. Be2 f5 16. f4 Ng4 17. Bxg4 fxg4 18. Qe2 Qc8 19. f5 Qc5+ 20. Kh1 h5 21. Nd5
Rae8 22. fxg6 Rxf1+ 23. Rxf1 Bxd5 24. exd5 Rf8 25. Qxe7+ Kxg6 26. Qxf8 Qd4 27.
Qf5+ Kg7 28. Qf7+ Kh6 29. Rf6+ Kg5 30. Qg6+ Kh4 31. g3+ Kh3 32. Qxh5# 1-0